Fr. Conceicao Rodrigues College of Engineering

Theory & Application Of Fluid Mechanics (Record no. 29035)

MARC details
000 -LEADER
fixed length control field 00292nam a2200121Ia 4500
100 ## - MAIN ENTRY--PERSONAL NAME
Personal name Subramanya/K.
245 ## - TITLE STATEMENT
Title Theory & Application Of Fluid Mechanics
260 ## - PUBLICATION, DISTRIBUTION, ETC.
Name of publisher, distributor, etc. Tata McGraw Hill
Place of publication, distribution, etc. NEW DELHI
Date of publication, distribution, etc. 1993
300 ## - PHYSICAL DESCRIPTION
Extent 752
546 ## - LANGUAGE NOTE
Language note ENGLISH
654 ## - SUBJECT ADDED ENTRY--FACETED TOPICAL TERMS
Focus term Theory & Application
942 ## - ADDED ENTRY ELEMENTS (KOHA)
Koha item type BOOK
Holdings
Withdrawn status Lost status Damaged status Not for loan Collection Home library Current library Shelving location Date acquired Total Checkouts Full call number Barcode Date last seen Price effective from Koha item type
        AFT Fr. Agnel's C.Rodrigues College of Engineering Fr. Agnel's C.Rodrigues College of Engineering   17/03/2023   AFT6543 17/03/2023 17/03/2023 BOOK